000
00305nam a22001337a 4500
008
260211b ||||| |||| 00| 0 eng d
020
_a
9788847736771
041
_a
ital
080
_a
0.3
100
_a
20
101
_a
ital
245
_a
Classicini i promessi sposi
_c
Roberto Piumini
942
_2
lcc
_c
BK
999
_c
60786
_d
60786